Sydney - Choix multiples - Statistiques

Statistiques générales
  • Ce quiz a été pris 2 513 fois
    2 490 depuis la dernière actualisation
  • Le résultat moyen est 6 sur 10
Statistiques - réponses
Question Réponse % Correct
Quel navigateur est le premier Européen à accoster sur la partie orientale de l'Australie, à Botany Bay en 1770 ? James Cook
81%
Que l'architecture de l'opéra de Sydney évoque-t-elle ? Des voiles
69%
De quel long-métrage d'animation des studios Pixar une partie de l'action se déroule à Sydney ? Le Monde de Nemo
67%
Qui était censé embarquer dans le vol 714 pour Sydney ? Tintin (Les Aventures de Tintin)
67%
Lequel de ces noms désigne une plage de Sydney ? Bondi Beach
64%
Quel groupe de hard rock a été créé à Sydney par des frères écossais notamment en 1973 ? AC/DC
62%
Quel lieu de Sydney donne l'un de ses surnoms à la ville ? Son port
58%
En quelle année ont eu lieu des derniers Jeux Olympiques d'été à Sydney ? 2000
56%
Lequel de ces ponts peut-on trouver à Sydney ?
49%
Dans quel état Australien se situe la ville de Sydney ? Nouvelle Galles du Sud
46%
Aucun quiz correspondant
Distribution des résultats
% des personnes avec chaque résultat
Percentile par nombre de réponses
Votre historique - résultats
Vous n’avez pas pris ce quiz depuis la dernière actualisation